| 000 | 00417nam a22001697a 4500 | ||
|---|---|---|---|
| 005 | 20230713113736.0 | ||
| 008 | 230713b |||||||| |||| 00| 0 eng d | ||
| 020 | _a9781789617948 | ||
| 082 |
_a005.133 _bARO-H |
||
| 100 | _aAroraa,Gaurav | ||
| 245 | _aHands on Microservices with C#8 and .Net core 3 | ||
| 260 |
_aUK _bPacket _c2020 |
||
| 300 | _a440p | ||
| 500 | _aIncludes Index | ||
| 650 | _aMisc | ||
| 999 |
_c25958 _d25958 |
||